| 000 | 00876cam a2200301 i 4500 | ||
|---|---|---|---|
| 999 |
_c200459750 _d77962 |
||
| 003 | TR-AnTOB | ||
| 005 | 20240307091941.0 | ||
| 007 | ta | ||
| 008 | 240227m20242016tu g 000*0 tur D | ||
| 020 | _a9786057049551 | ||
| 040 |
_aTVK _beng _erda _cTVK _dTR-AnTOB |
||
| 041 | 0 | _atur | |
| 050 | 1 | 0 |
_aBP80.Y556 _bH57 2024 |
| 090 |
_aBP80.Y556 _bH57 2024 |
||
| 100 | 1 |
_aYılmaz, İdris _eauthor _9137641 |
|
| 245 | 1 | 0 |
_aHira'da ikindi vakti / _cİdris Yılmaz. |
| 250 | _aİkinci Baskı: Ocak 2024. | ||
| 264 | 1 |
_aBursa : _bMüşahid Yayınevi, _c2024. |
|
| 300 |
_a376 pages ; _c22 cm |
||
| 336 |
_atext _2rdacontent _btxt |
||
| 337 |
_aunmediated _2rdamedia _bn |
||
| 338 |
_avolume _2rdacarrier _bnc |
||
| 500 | _aIncludes index. | ||
| 650 | 7 |
_aİslam _vDerleme _2etuturkob _9142354 |
|
| 650 | 4 |
_aİslamiyet _vÇok yönlü. |
|
| 942 |
_2lcc _cBK |
||